000 00463nam a2200157 4500
001 133064
003 ES-MaACL
005 20230906194322.0
007 t|
008 070214s1912 gw r ||||1| fre d
100 1 _aRubens, Peter Paul.
_9100291
245 1 2 _aL'oeuvre du maitre /
_cP. P. Rubens.
260 _a[S. l.] :
_b[s. n.],
_c1912 (
_eStuttgart :
_fImp. Classiques de l'Art)
300 _aXXV, 523 p. :
_bil. ;
_c24 x 18 cm.
852 _aES-MaACL
_jF-1646
999 _c133064
_d133064